[Event "April 9 Early 2024"]
[Site "Chess.com"]
[Date "2024.04.09"]
[Round "4"]
[White "Miszler, Levente"]
[Black "Donatti, Alvaro"]
[Result "1-0"]
[Board "226"]
[WhiteFideId "763276"]
[BlackFideId "3000303"]
[WhiteTitle "FM"]
[WhiteElo "2480"]
[BlackElo "2155"]
[WhiteTeam "HUN"]
[BlackTeam "URU"]
[WhiteClock "0:00:18"]
[BlackClock "0:00:02"]
[Variant "Standard"]

1. Nf3 {[%clk 0:03:00]}  Nf6 {[%clk 0:02:58]} 2. c4 {[%clk 0:02:58]}  c5 {[%clk 0:02:56]} 3. g3 {[%clk 0:02:58]}  g6 {[%clk 0:02:56]} 4. Bg2 {[%clk 0:02:59]}  Bg7 {[%clk 0:02:57]} 5. O-O {[%clk 0:03:00]}  O-O {[%clk 0:02:57]} 6. Nc3 {[%clk 0:03:00]}  Nc6 {[%clk 0:02:56]} 7. d3 {[%clk 0:03:01]}  d6 {[%clk 0:02:56]} 8. a3 {[%clk 0:03:00]}  a6 {[%clk 0:02:51]} 9. Rb1 {[%clk 0:03:00]}  Bg4 {[%clk 0:02:46]} 10. b4 {[%clk 0:02:58]}  Rb8 {[%clk 0:02:39]} 11. bxc5 {[%clk 0:02:51]}  dxc5 {[%clk 0:02:38]} 12. Bf4 {[%clk 0:02:51]}  Rc8 {[%clk 0:02:28]} 13. Rxb7 {[%clk 0:02:50]}  Nh5 {[%clk 0:02:10]} 14. Bd2 {[%clk 0:02:41]}  e5 {[%clk 0:01:55]} 15. Nd5 {[%clk 0:02:39]}  Kh8 {[%clk 0:01:43]} 16. h3 {[%clk 0:02:38]}  Be6 {[%clk 0:01:42]} 17. Ng5 {[%clk 0:02:37]}  Nd4 {[%clk 0:01:36]} 18. Nxe6 {[%clk 0:02:33]}  fxe6 {[%clk 0:01:36]} 19. Ne7 {[%clk 0:02:31]}  Rc7 {[%clk 0:01:33]} 20. Rxc7 {[%clk 0:02:12]}  Qxc7 {[%clk 0:01:32]} 21. e3 {[%clk 0:02:11]}  Qxe7 {[%clk 0:01:26]} 22. exd4 {[%clk 0:02:11]}  exd4 {[%clk 0:01:26]} 23. Re1 {[%clk 0:02:09]}  e5 {[%clk 0:01:23]} 24. Qa4 {[%clk 0:01:56]}  Qa7 {[%clk 0:01:18]} 25. Qc6 {[%clk 0:01:53]}  Rf6 {[%clk 0:01:08]} 26. Qd5 {[%clk 0:01:37]}  Rf8 {[%clk 0:01:07]} 27. Rb1 {[%clk 0:01:31]}  Qe7 {[%clk 0:01:03]} 28. Rb6 {[%clk 0:01:15]}  Nf6 {[%clk 0:00:57]} 29. Qe6 {[%clk 0:01:12]}  Qc7 {[%clk 0:00:47]} 30. Rxa6 {[%clk 0:01:09]}  e4 {[%clk 0:00:39]} 31. Bxe4 {[%clk 0:01:04]}  Nxe4 {[%clk 0:00:39]} 32. Qxe4 {[%clk 0:01:04]}  Qf7 {[%clk 0:00:37]} 33. Qf4 {[%clk 0:00:47]}  Qb7 {[%clk 0:00:34]} 34. Qd6 {[%clk 0:00:44]}  Qf3 {[%clk 0:00:24]} 35. Be1 {[%clk 0:00:41]}  Qxd3 {[%clk 0:00:21]} 36. Qxc5 {[%clk 0:00:36]}  Qe2 {[%clk 0:00:20]} 37. Qb4 {[%clk 0:00:36]}  d3 {[%clk 0:00:18]} 38. Qd2 {[%clk 0:00:37]}  Qf3 {[%clk 0:00:16]} 39. Re6 {[%clk 0:00:32]}  Rb8 {[%clk 0:00:14]} 40. Re3 {[%clk 0:00:31]}  Qf5 {[%clk 0:00:14]} 41. Qxd3 {[%clk 0:00:30]}  Qxh3 {[%clk 0:00:13]} 42. c5 {[%clk 0:00:25]}  Qg4 {[%clk 0:00:11]} 43. c6 {[%clk 0:00:24]}  Bd4 {[%clk 0:00:11]} 44. Re4 {[%clk 0:00:23]}  Bxf2+ {[%clk 0:00:10]} 45. Bxf2 {[%clk 0:00:22]}  Rb1+ {[%clk 0:00:10]} 46. Kg2 {[%clk 0:00:22]}  Qh5 {[%clk 0:00:10]} 47. Qd4+ {[%clk 0:00:21]}  Kg8 {[%clk 0:00:06]} 48. Qd8+ {[%clk 0:00:17]}  Kg7 {[%clk 0:00:06]} 49. Qe7+ {[%clk 0:00:17]}  Kg8 {[%clk 0:00:04]} 50. Qe8+ {[%clk 0:00:16]}  Kg7 {[%clk 0:00:04]} 51. Re7+ {[%clk 0:00:17]}  Kh6 {[%clk 0:00:04]} 52. Be3+ {[%clk 0:00:17]}  g5 {[%clk 0:00:03]} 53. Qf8+ {[%clk 0:00:17]}  Kg6 {[%clk 0:00:02]} 54. Qf7+ {[%clk 0:00:17]}  Kh6 {[%clk 0:00:02]} 55. Qg7# {[%clk 0:00:18]} 1-0

[Event "April 9 Early 2024"]
[Site "Chess.com"]
[Date "2024.04.09"]
[Round "4"]
[White "Manukian, Artak"]
[Black "Pirvulescu, Ekaterina"]
[Result "1-0"]
[Board "227"]
[WhiteFideId "13301373"]
[BlackFideId "13506374"]
[BlackTitle "WFM"]
[WhiteElo "2479"]
[BlackElo "2146"]
[WhiteTeam "ARM"]
[BlackTeam "ROU"]
[WhiteClock "0:00:59"]
[BlackClock "0:00:02"]
[Variant "Standard"]

1. e4 {[%clk 0:02:57]}  Nf6 {[%clk 0:02:58]} 2. Nc3 {[%clk 0:02:56]}  d5 {[%clk 0:02:57]} 3. exd5 {[%clk 0:02:56]}  Nxd5 {[%clk 0:02:56]} 4. Bc4 {[%clk 0:02:55]}  Nxc3 {[%clk 0:02:55]} 5. Qf3 {[%clk 0:02:54]}  e6 {[%clk 0:02:54]} 6. dxc3 {[%clk 0:02:52]}  Be7 {[%clk 0:02:48]} 7. h4 {[%clk 0:02:49]}  Nc6 {[%clk 0:02:40]} 8. Bf4 {[%clk 0:02:45]}  O-O {[%clk 0:02:39]} 9. Ne2 {[%clk 0:02:41]}  e5 {[%clk 0:02:14]} 10. Be3 {[%clk 0:02:36]}  Be6 {[%clk 0:02:13]} 11. Bxe6 {[%clk 0:02:31]}  fxe6 {[%clk 0:02:14]} 12. Qg4 {[%clk 0:02:32]}  Qd7 {[%clk 0:02:07]} 13. Rd1 {[%clk 0:02:25]}  Bd6 {[%clk 0:02:07]} 14. Ng3 {[%clk 0:02:22]}  Qf7 {[%clk 0:01:59]} 15. Ne4 {[%clk 0:02:13]}  Qf5 {[%clk 0:01:47]} 16. Qxf5 {[%clk 0:02:10]}  exf5 {[%clk 0:01:47]} 17. Nxd6 {[%clk 0:02:11]}  cxd6 {[%clk 0:01:47]} 18. Rxd6 {[%clk 0:02:11]}  Rad8 {[%clk 0:01:47]} 19. Rxd8 {[%clk 0:02:03]}  Rxd8 {[%clk 0:01:47]} 20. Ke2 {[%clk 0:01:56]}  b6 {[%clk 0:01:39]} 21. g3 {[%clk 0:01:49]}  Kf7 {[%clk 0:01:38]} 22. b4 {[%clk 0:01:39]}  Ke6 {[%clk 0:01:33]} 23. a4 {[%clk 0:01:34]}  e4 {[%clk 0:01:11]} 24. Ra1 {[%clk 0:01:27]}  Rd7 {[%clk 0:01:03]} 25. a5 {[%clk 0:01:23]}  b5 {[%clk 0:01:01]} 26. a6 {[%clk 0:01:22]}  Rd8 {[%clk 0:00:46]} 27. Bc5 {[%clk 0:01:18]}  Rd7 {[%clk 0:00:39]} 28. c4 {[%clk 0:01:14]}  bxc4 {[%clk 0:00:33]} 29. b5 {[%clk 0:01:15]}  Ne5 {[%clk 0:00:19]} 30. b6 {[%clk 0:01:08]}  Kd5 {[%clk 0:00:14]} 31. b7 {[%clk 0:01:03]}  Rd8 {[%clk 0:00:07]} 32. Bxa7 {[%clk 0:01:02]}  Nc6 {[%clk 0:00:04]} 33. Rd1+ {[%clk 0:01:02]}  Ke6 {[%clk 0:00:05]} 34. Rxd8 {[%clk 0:01:03]}  Nxd8 {[%clk 0:00:05]} 35. b8=Q {[%clk 0:01:03]}  Nc6 {[%clk 0:00:05]} 36. Qe8+ {[%clk 0:01:00]}  Kd5 {[%clk 0:00:05]} 37. Qf7+ {[%clk 0:01:00]}  Kd6 {[%clk 0:00:02]} 38. Qxg7 {[%clk 0:00:59]} 1-0

[Event "April 9 Early 2024"]
[Site "Chess.com"]
[Date "2024.04.09"]
[Round "4"]
[White "Caku, Kler"]
[Black "Parfenov, Viktor N."]
[Result "1-0"]
[Board "228"]
[WhiteFideId "4704703"]
[BlackFideId "4165969"]
[WhiteTitle "WCM"]
[BlackTitle "CM"]
[WhiteElo "2192"]
[BlackElo "2477"]
[WhiteTeam "ALB"]
[BlackTeam "RUS"]
[WhiteClock "0:00:05"]
[BlackClock "0:00:51"]
[Variant "Standard"]

1. e4 {[%clk 0:03:00]}  e5 {[%clk 0:02:59]} 2. Nf3 {[%clk 0:03:01]}  Nc6 {[%clk 0:02:59]} 3. d4 {[%clk 0:03:01]}  exd4 {[%clk 0:02:59]} 4. Nxd4 {[%clk 0:03:02]}  Nf6 {[%clk 0:02:59]} 5. Nc3 {[%clk 0:03:02]}  Bb4 {[%clk 0:02:58]} 6. Nxc6 {[%clk 0:03:02]}  bxc6 {[%clk 0:02:58]} 7. Bd3 {[%clk 0:03:03]}  d5 {[%clk 0:02:56]} 8. exd5 {[%clk 0:03:03]}  O-O {[%clk 0:02:55]} 9. O-O {[%clk 0:03:04]}  Bg4 {[%clk 0:02:54]} 10. Be2 {[%clk 0:02:48]}  Bxe2 {[%clk 0:02:53]} 11. Nxe2 {[%clk 0:02:49]}  cxd5 {[%clk 0:02:52]} 12. Bg5 {[%clk 0:02:41]}  Be7 {[%clk 0:02:49]} 13. Nd4 {[%clk 0:02:39]}  Qd7 {[%clk 0:02:45]} 14. Qf3 {[%clk 0:02:33]}  h6 {[%clk 0:02:40]} 15. Bh4 {[%clk 0:02:29]}  Rab8 {[%clk 0:02:40]} 16. b3 {[%clk 0:02:24]}  Ne4 {[%clk 0:02:38]} 17. Bxe7 {[%clk 0:02:21]}  Qxe7 {[%clk 0:02:38]} 18. Nc6 {[%clk 0:02:21]}  Qd6 {[%clk 0:02:33]} 19. Nxb8 {[%clk 0:02:17]}  Nd2 {[%clk 0:02:33]} 20. Qg3 {[%clk 0:01:44]}  Qxg3 {[%clk 0:02:32]} 21. hxg3 {[%clk 0:01:44]}  Nxf1 {[%clk 0:02:33]} 22. Na6 {[%clk 0:01:38]}  Nd2 {[%clk 0:02:30]} 23. Rd1 {[%clk 0:01:32]}  Ne4 {[%clk 0:02:28]} 24. Rxd5 {[%clk 0:01:31]}  Nc3 {[%clk 0:02:23]} 25. Rd7 {[%clk 0:01:16]}  Re8 {[%clk 0:02:23]} 26. Rxc7 {[%clk 0:01:05]}  Re1+ {[%clk 0:02:20]} 27. Kh2 {[%clk 0:01:04]}  Nd1 {[%clk 0:02:19]} 28. Rxa7 {[%clk 0:00:48]}  Nxf2 {[%clk 0:02:19]} 29. g4 {[%clk 0:00:46]}  Nxg4+ {[%clk 0:02:12]} 30. Kg3 {[%clk 0:00:46]}  Ne3 {[%clk 0:02:12]} 31. c4 {[%clk 0:00:44]}  g5 {[%clk 0:02:08]} 32. Kf2 {[%clk 0:00:35]}  Nc2 {[%clk 0:02:07]} 33. c5 {[%clk 0:00:35]}  Re6 {[%clk 0:02:02]} 34. Nb8 {[%clk 0:00:24]}  Nd4 {[%clk 0:02:01]} 35. b4 {[%clk 0:00:20]}  f5 {[%clk 0:01:57]} 36. Rd7 {[%clk 0:00:13]}  Re2+ {[%clk 0:01:31]} 37. Kf1 {[%clk 0:00:12]}  Rd2 {[%clk 0:01:31]} 38. c6 {[%clk 0:00:10]}  f4 {[%clk 0:01:15]} 39. c7 {[%clk 0:00:06]}  Rd1+ {[%clk 0:01:15]} 40. Kf2 {[%clk 0:00:05]}  Rd2+ {[%clk 0:01:12]} 41. Kg1 {[%clk 0:00:06]}  Ne2+ {[%clk 0:00:57]} 42. Kh2 {[%clk 0:00:05]}  Rc2 {[%clk 0:00:54]} 43. Rd8+ {[%clk 0:00:04]}  Kg7 {[%clk 0:00:55]} 44. c8=Q {[%clk 0:00:05]}  Rxc8 {[%clk 0:00:55]} 45. Rxc8 {[%clk 0:00:05]}  g4 {[%clk 0:00:56]} 46. Rc7+ {[%clk 0:00:05]}  Kg6 {[%clk 0:00:56]} 47. Rc2 {[%clk 0:00:05]}  Nd4 {[%clk 0:00:55]} 48. Rd2 {[%clk 0:00:06]}  g3+ {[%clk 0:00:53]} 49. Kg1 {[%clk 0:00:05]}  f3 {[%clk 0:00:53]} 50. Rxd4 {[%clk 0:00:04]}  f2+ {[%clk 0:00:51]} 51. Kf1 {[%clk 0:00:05]} 1-0

[Event "April 9 Early 2024"]
[Site "Chess.com"]
[Date "2024.04.09"]
[Round "4"]
[White "Tarnowska, Aleksandra"]
[Black "Reprintsev, Alexander"]
[Result "0-1"]
[Board "229"]
[WhiteFideId "1180967"]
[BlackFideId "14100541"]
[WhiteTitle "WCM"]
[BlackTitle "IM"]
[WhiteElo "2139"]
[BlackElo "2477"]
[WhiteTeam "POL"]
[BlackTeam "UKR"]
[WhiteClock "0:00:00"]
[BlackClock "0:00:58"]
[Variant "Standard"]

1. e4 {[%clk 0:03:00]}  d5 {[%clk 0:02:59]} 2. exd5 {[%clk 0:02:59]}  Qxd5 {[%clk 0:02:59]} 3. Nc3 {[%clk 0:03:00]}  Qa5 {[%clk 0:02:59]} 4. Nf3 {[%clk 0:02:59]}  Nc6 {[%clk 0:02:58]} 5. d4 {[%clk 0:02:58]}  Bg4 {[%clk 0:02:57]} 6. h3 {[%clk 0:02:52]}  Bxf3 {[%clk 0:02:54]} 7. gxf3 {[%clk 0:01:46]}  O-O-O {[%clk 0:02:47]} 8. Be3 {[%clk 0:01:46]}  Nf6 {[%clk 0:02:44]} 9. Bg2 {[%clk 0:01:42]}  e5 {[%clk 0:02:43]} 10. Bd2 {[%clk 0:01:10]}  Nxd4 {[%clk 0:02:34]} 11. O-O {[%clk 0:01:07]}  Bb4 {[%clk 0:02:29]} 12. Kh1 {[%clk 0:01:02]}  Nf5 {[%clk 0:02:26]} 13. Qe1 {[%clk 0:00:56]}  Rhe8 {[%clk 0:02:20]} 14. a3 {[%clk 0:00:55]}  Bf8 {[%clk 0:02:03]} 15. b4 {[%clk 0:00:51]}  Qa6 {[%clk 0:02:00]} 16. Bg5 {[%clk 0:00:42]}  h6 {[%clk 0:01:54]} 17. Bxf6 {[%clk 0:00:40]}  Qxf6 {[%clk 0:01:54]} 18. Ne4 {[%clk 0:00:23]}  Qc6 {[%clk 0:01:46]} 19. c4 {[%clk 0:00:20]}  Nh4 {[%clk 0:01:41]} 20. c5 {[%clk 0:00:11]}  Nxg2 {[%clk 0:01:39]} 21. Kxg2 {[%clk 0:00:12]}  f5 {[%clk 0:01:39]} 22. Ng3 {[%clk 0:00:10]}  e4 {[%clk 0:01:36]} 23. Qc3 {[%clk 0:00:09]}  Qg6 {[%clk 0:01:30]} 24. Kh2 {[%clk 0:00:05]}  Be7 {[%clk 0:01:20]} 25. Rg1 {[%clk 0:00:04]}  Bf6 {[%clk 0:01:19]} 26. Qc4 {[%clk 0:00:04]}  Bxa1 {[%clk 0:01:18]} 27. Nxe4 {[%clk 0:00:03]}  Be5+ {[%clk 0:01:12]} 28. f4 {[%clk 0:00:03]}  Bxf4+ {[%clk 0:01:11]} 29. Ng3 {[%clk 0:00:03]}  Bxg3+ {[%clk 0:01:10]} 30. Rxg3 {[%clk 0:00:04]}  Qe6 {[%clk 0:01:09]} 31. Qb5 {[%clk 0:00:03]}  c6 {[%clk 0:01:09]} 32. Qa5 {[%clk 0:00:03]}  Kb8 {[%clk 0:01:02]} 33. Rxg7 {[%clk 0:00:03]}  Qe5+ {[%clk 0:01:02]} 34. Rg3 {[%clk 0:00:03]}  Rg8 {[%clk 0:01:01]} 35. b5 {[%clk 0:00:00]}  Qxc5 {[%clk 0:00:58]} 0-1

[Event "April 9 Early 2024"]
[Site "Chess.com"]
[Date "2024.04.09"]
[Round "4"]
[White "Eilers, Stefan"]
[Black "Ebru Kaplan"]
[Result "1-0"]
[Board "233"]
[WhiteFideId "4609565"]
[BlackFideId "6315194"]
[WhiteTitle "FM"]
[BlackTitle "WCM"]
[WhiteElo "2469"]
[BlackElo "1985"]
[WhiteTeam "GER"]
[BlackTeam "TUR"]
[WhiteClock "0:00:21"]
[BlackClock "0:00:00"]
[Variant "Standard"]

1. d4 {[%clk 0:03:00]}  d5 {[%clk 0:02:59]} 2. Nf3 {[%clk 0:03:01]}  Nf6 {[%clk 0:02:59]} 3. g3 {[%clk 0:03:01]}  g6 {[%clk 0:02:58]} 4. Bg2 {[%clk 0:03:00]}  Bg7 {[%clk 0:02:59]} 5. O-O {[%clk 0:03:00]}  O-O {[%clk 0:02:59]} 6. c4 {[%clk 0:03:00]}  c6 {[%clk 0:02:59]} 7. Ne5 {[%clk 0:03:01]}  Nbd7 {[%clk 0:02:59]} 8. cxd5 {[%clk 0:02:59]}  cxd5 {[%clk 0:02:58]} 9. Nc3 {[%clk 0:03:00]}  e6 {[%clk 0:02:52]} 10. Qb3 {[%clk 0:02:56]}  Nxe5 {[%clk 0:02:44]} 11. dxe5 {[%clk 0:02:55]}  Ng4 {[%clk 0:02:39]} 12. f4 {[%clk 0:02:53]}  Qe7 {[%clk 0:01:50]} 13. e3 {[%clk 0:02:42]}  Bd7 {[%clk 0:01:36]} 14. Bd2 {[%clk 0:02:15]}  Qc5 {[%clk 0:00:45]} 15. Rfe1 {[%clk 0:01:42]}  Bc6 {[%clk 0:00:28]} 16. Rac1 {[%clk 0:01:35]}  Qb6 {[%clk 0:00:13]} 17. Qxb6 {[%clk 0:01:33]}  axb6 {[%clk 0:00:13]} 18. a3 {[%clk 0:01:21]}  f6 {[%clk 0:00:14]} 19. exf6 {[%clk 0:01:13]}  Bxf6 {[%clk 0:00:14]} 20. h3 {[%clk 0:01:08]}  Nh6 {[%clk 0:00:13]} 21. g4 {[%clk 0:01:03]}  Nf7 {[%clk 0:00:13]} 22. Rc2 {[%clk 0:00:46]}  Rad8 {[%clk 0:00:12]} 23. Ne2 {[%clk 0:00:45]}  Nd6 {[%clk 0:00:08]} 24. Bb4 {[%clk 0:00:43]}  Rfe8 {[%clk 0:00:04]} 25. Nd4 {[%clk 0:00:38]}  Ba4 {[%clk 0:00:01]} 26. Rc7 {[%clk 0:00:35]}  Nc4 {[%clk 0:00:00]} 27. b3 {[%clk 0:00:21]} 1-0

[Event "April 9 Early 2024"]
[Site "Chess.com"]
[Date "2024.04.09"]
[Round "4"]
[White "Roberts, Tallulah"]
[Black "Tari, Aryan"]
[Result "0-1"]
[Board "236"]
[WhiteFideId "15600572"]
[BlackFideId "1510045"]
[WhiteTitle "WCM"]
[BlackTitle "GM"]
[WhiteElo "1551"]
[BlackElo "2899"]
[WhiteTeam "JCI"]
[BlackTeam "NOR"]
[WhiteClock "0:00:00"]
[BlackClock "0:01:20"]
[Variant "Standard"]

1. e4 {[%clk 0:02:51]}  a6 {[%clk 0:02:52]} 2. d4 {[%clk 0:02:47]}  e6 {[%clk 0:02:47]} 3. Nf3 {[%clk 0:02:45]}  d5 {[%clk 0:02:46]} 4. Nc3 {[%clk 0:02:35]}  Nf6 {[%clk 0:02:43]} 5. exd5 {[%clk 0:02:28]}  exd5 {[%clk 0:02:43]} 6. Bd3 {[%clk 0:02:18]}  c5 {[%clk 0:02:39]} 7. O-O {[%clk 0:02:08]}  c4 {[%clk 0:02:34]} 8. Re1+ {[%clk 0:01:59]}  Be7 {[%clk 0:02:34]} 9. Bf1 {[%clk 0:01:58]}  O-O {[%clk 0:02:27]} 10. Bg5 {[%clk 0:01:49]}  Be6 {[%clk 0:02:25]} 11. b3 {[%clk 0:01:27]}  b5 {[%clk 0:02:21]} 12. a4 {[%clk 0:01:11]}  b4 {[%clk 0:02:21]} 13. Ne2 {[%clk 0:01:02]}  cxb3 {[%clk 0:01:46]} 14. cxb3 {[%clk 0:00:58]}  h6 {[%clk 0:01:46]} 15. Bh4 {[%clk 0:00:47]}  g5 {[%clk 0:01:42]} 16. Bg3 {[%clk 0:00:47]}  Ne4 {[%clk 0:01:41]} 17. Ne5 {[%clk 0:00:32]}  Bf6 {[%clk 0:01:37]} 18. f4 {[%clk 0:00:18]}  Nd7 {[%clk 0:01:30]} 19. Bf2 {[%clk 0:00:09]}  Nxf2 {[%clk 0:01:29]} 20. Kxf2 {[%clk 0:00:10]}  Qb6 {[%clk 0:01:28]} 21. Kg1 {[%clk 0:00:09]}  Nxe5 {[%clk 0:01:28]} 22. fxe5 {[%clk 0:00:09]}  Bxe5 {[%clk 0:01:28]} 23. Kh1 {[%clk 0:00:08]}  Bg7 {[%clk 0:01:28]} 24. g3 {[%clk 0:00:06]}  a5 {[%clk 0:01:25]} 25. Bg2 {[%clk 0:00:07]}  Rac8 {[%clk 0:01:26]} 26. Qd2 {[%clk 0:00:05]}  Rc7 {[%clk 0:01:26]} 27. Rad1 {[%clk 0:00:06]}  Rfc8 {[%clk 0:01:26]} 28. Nc1 {[%clk 0:00:04]}  Rc2 {[%clk 0:01:26]} 29. Qe3 {[%clk 0:00:03]}  R8c3 {[%clk 0:01:22]} 30. Qg1 {[%clk 0:00:00]}  h5 {[%clk 0:01:20]} 0-1

[Event "April 9 Early 2024"]
[Site "Chess.com"]
[Date "2024.04.09"]
[Round "4"]
[White "Szente Varga, Fruzsina"]
[Black "Matthes, Aaron"]
[Result "1-0"]
[Board "238"]
[WhiteFideId "712264"]
[BlackFideId "16227310"]
[WhiteTitle "WFM"]
[BlackTitle "CM"]
[WhiteElo "2242"]
[BlackElo "2403"]
[WhiteTeam "HUN"]
[BlackTeam "GER"]
[WhiteClock "0:00:49"]
[BlackClock "0:00:58"]
[Variant "Standard"]

1. e4 {[%clk 0:03:00]}  Nc6 {[%clk 0:02:58]} 2. d4 {[%clk 0:02:57]}  d5 {[%clk 0:02:58]} 3. e5 {[%clk 0:02:54]}  Bf5 {[%clk 0:02:58]} 4. c3 {[%clk 0:02:55]}  e6 {[%clk 0:02:58]} 5. Bd3 {[%clk 0:02:55]}  Bxd3 {[%clk 0:02:57]} 6. Qxd3 {[%clk 0:02:56]}  f6 {[%clk 0:02:55]} 7. f4 {[%clk 0:02:56]}  Nh6 {[%clk 0:02:51]} 8. Ne2 {[%clk 0:02:49]}  Be7 {[%clk 0:02:47]} 9. O-O {[%clk 0:02:49]}  O-O {[%clk 0:02:46]} 10. Nd2 {[%clk 0:02:45]}  fxe5 {[%clk 0:02:39]} 11. fxe5 {[%clk 0:02:46]}  Bg5 {[%clk 0:02:38]} 12. Nf3 {[%clk 0:02:45]}  Bxc1 {[%clk 0:02:36]} 13. Raxc1 {[%clk 0:02:46]}  Ne7 {[%clk 0:02:32]} 14. Ng5 {[%clk 0:02:30]}  Nef5 {[%clk 0:02:27]} 15. Nxe6 {[%clk 0:02:27]}  Qh4 {[%clk 0:02:19]} 16. Nxf8 {[%clk 0:02:26]}  Rxf8 {[%clk 0:02:19]} 17. Rf4 {[%clk 0:01:45]}  Qg5 {[%clk 0:02:05]} 18. Rcf1 {[%clk 0:01:42]}  g6 {[%clk 0:02:02]} 19. Ng3 {[%clk 0:01:40]}  Kh8 {[%clk 0:01:49]} 20. Nxf5 {[%clk 0:01:37]}  gxf5 {[%clk 0:01:50]} 21. Qg3 {[%clk 0:01:30]}  Qh5 {[%clk 0:01:46]} 22. Qh4 {[%clk 0:01:25]}  Qg6 {[%clk 0:01:43]} 23. R1f3 {[%clk 0:01:19]}  Qa6 {[%clk 0:01:20]} 24. Rg3 {[%clk 0:01:10]}  Qe2 {[%clk 0:01:15]} 25. Qxh6 {[%clk 0:00:59]}  Rf7 {[%clk 0:00:58]} 26. Qg5 {[%clk 0:00:49]} 1-0

[Event "April 9 Early 2024"]
[Site "Chess.com"]
[Date "2024.04.09"]
[Round "4"]
[White "Montano Vicente, Guadalupe"]
[Black "Tilahun , Abel Mathewos"]
[Result "1-0"]
[Board "241"]
[WhiteFideId "5181399"]
[BlackFideId "15702391"]
[BlackTitle "CM"]
[WhiteElo "2285"]
[BlackElo "2092"]
[WhiteTeam "MEX"]
[BlackTeam "ETH"]
[WhiteClock "0:00:10"]
[BlackClock "0:00:07"]
[Variant "Standard"]

1. d4 {[%clk 0:03:00]}  d5 {[%clk 0:02:59]} 2. c4 {[%clk 0:03:01]}  e6 {[%clk 0:02:58]} 3. Nc3 {[%clk 0:02:59]}  Nf6 {[%clk 0:02:58]} 4. cxd5 {[%clk 0:02:57]}  exd5 {[%clk 0:02:58]} 5. Bg5 {[%clk 0:02:56]}  c6 {[%clk 0:02:58]} 6. Qc2 {[%clk 0:02:53]}  Be7 {[%clk 0:02:58]} 7. e3 {[%clk 0:02:54]}  O-O {[%clk 0:02:59]} 8. Bd3 {[%clk 0:02:53]}  Nbd7 {[%clk 0:02:59]} 9. Nge2 {[%clk 0:02:54]}  Re8 {[%clk 0:02:59]} 10. O-O {[%clk 0:02:54]}  Nf8 {[%clk 0:02:59]} 11. Rae1 {[%clk 0:02:49]}  Bg4 {[%clk 0:02:59]} 12. f3 {[%clk 0:02:48]}  Bh5 {[%clk 0:02:59]} 13. Bh4 {[%clk 0:02:48]}  Bg6 {[%clk 0:02:58]} 14. Nf4 {[%clk 0:02:19]}  Bxd3 {[%clk 0:02:55]} 15. Nxd3 {[%clk 0:02:19]}  Ng6 {[%clk 0:02:56]} 16. Bf2 {[%clk 0:02:18]}  Bd6 {[%clk 0:02:46]} 17. e4 {[%clk 0:02:14]}  dxe4 {[%clk 0:02:44]} 18. fxe4 {[%clk 0:02:11]}  Bc7 {[%clk 0:02:37]} 19. h3 {[%clk 0:02:03]}  Bb6 {[%clk 0:02:33]} 20. e5 {[%clk 0:01:46]}  Nd5 {[%clk 0:02:22]} 21. Nxd5 {[%clk 0:01:24]}  Qxd5 {[%clk 0:02:23]} 22. Nb4 {[%clk 0:01:14]}  Qd8 {[%clk 0:02:10]} 23. Rd1 {[%clk 0:01:11]}  Qg5 {[%clk 0:02:08]} 24. Qd2 {[%clk 0:00:41]}  Nf4 {[%clk 0:02:05]} 25. Be3 {[%clk 0:00:33]}  Nxh3+ {[%clk 0:01:47]} 26. Kh2 {[%clk 0:00:30]}  Nf4 {[%clk 0:00:53]} 27. Rxf4 {[%clk 0:00:20]}  Qh5+ {[%clk 0:00:48]} 28. Kg1 {[%clk 0:00:19]}  Rad8 {[%clk 0:00:43]} 29. Nc2 {[%clk 0:00:17]}  f6 {[%clk 0:00:40]} 30. exf6 {[%clk 0:00:15]}  c5 {[%clk 0:00:37]} 31. d5 {[%clk 0:00:15]}  gxf6 {[%clk 0:00:35]} 32. Rxf6 {[%clk 0:00:14]}  c4 {[%clk 0:00:34]} 33. Bxb6 {[%clk 0:00:13]}  axb6 {[%clk 0:00:34]} 34. Rf3 {[%clk 0:00:13]}  b5 {[%clk 0:00:29]} 35. Rg3+ {[%clk 0:00:13]}  Kf7 {[%clk 0:00:27]} 36. Rf1+ {[%clk 0:00:12]}  Ke7 {[%clk 0:00:27]} 37. Re3+ {[%clk 0:00:12]}  Kd6 {[%clk 0:00:26]} 38. Re6+ {[%clk 0:00:12]}  Kc7 {[%clk 0:00:25]} 39. d6+ {[%clk 0:00:11]}  Kc8 {[%clk 0:00:24]} 40. Rxe8 {[%clk 0:00:10]}  Qxe8 {[%clk 0:00:24]} 41. Rd1 {[%clk 0:00:10]}  Qe4 {[%clk 0:00:23]} 42. d7+ {[%clk 0:00:10]}  Kb8 {[%clk 0:00:22]} 43. Qd6+ {[%clk 0:00:10]}  Ka8 {[%clk 0:00:22]} 44. Qd4 {[%clk 0:00:09]}  Qg6 {[%clk 0:00:21]} 45. Ne3 {[%clk 0:00:09]}  h5 {[%clk 0:00:19]} 46. Qd6 {[%clk 0:00:09]}  Qg5 {[%clk 0:00:17]} 47. Qd4 {[%clk 0:00:08]}  Rg8 {[%clk 0:00:17]} 48. d8=Q+ {[%clk 0:00:08]}  Rxd8 {[%clk 0:00:16]} 49. Qxd8+ {[%clk 0:00:09]}  Qxd8 {[%clk 0:00:14]} 50. Rxd8+ {[%clk 0:00:10]}  Ka7 {[%clk 0:00:07]} 51. Rd5 {[%clk 0:00:10]} 1-0